000 00485 a2200181 4500
001 066810
003 OSt
005 20211008170153.0
008
082 _a006.67
_bH35C
100 1 _aHearn, Donald
245 1 _aComputer graphics
_cby Donald Hearn and M. Pauline Baker
260 _aNew Delhi
_bPearson
_c2009
300 _a660p.
690 _aComputer graphics; C (Computer program language)
700 _aBaker, M. Pauline
942 _2ddc
_cBK
999 _c810
_d810